00781 2200241 4500001002100000005001700021008004100038020002200079035002400101082001200125090002200137245010200159250001100261260009300272300002300365500003100388650003400419700002900453850001600482980001300498985000600511999002200517YOGYA-0209000006870720090227093033.0 ind  a978-979-698-150-2 0010-020900000068707 a361.072 a361.072bPenlDEP aPengkajian profil pelayanan sosial pekerja sosial rumah sakitcJateki Yoga Tarsilarini...[et al.] aCet. 1 aYogyakartabBalai Besar Penelitian dan Pengembangan Pelayanan Kesejahteraan Sosialc2006 avi, 113 hlmc21 cm aBibliografi : hlm. 110-111 aPekerjaan sosial - Penelitian aTarsilarini, Jateki Yoga aYOPDYOG (M) a4-3-2008 a1 aCB-D.11 2006-850h